| 000 | 01187nam a22002657a 4500 | ||
|---|---|---|---|
| 003 | OSt | ||
| 005 | 20230315110351.0 | ||
| 007 | cr ||||||a|c|a | ||
| 008 | 230227s2022 mx a|||fom||| 001 0 spa d | ||
| 040 | _erda | ||
| 100 | 1 |
_9186238 _aSánchez Ledesma, Judith Abigail |
|
| 245 | 1 |
_aCaracterización de hongos ectomicorrizicos y su potencial de asociación con el desarrollo de Carya illinoinensis / _cpor Judith Abigail Sánchez Ledesma; director de tesis Jesús Guadalupe Arreola Ávila. |
|
| 264 | 1 |
_aBermejillo, Durango : _bEl autor, _c2022. |
|
| 300 |
_a1 recurso en línea (92 páginas). _bcuadros, figuras. |
||
| 336 |
_2rdacontent _atexto _btxt |
||
| 337 |
_2rdamedia _acomputadora _bc |
||
| 338 |
_2rdacarrier _arecurso en línea _bcr |
||
| 502 |
_bDCRNMAZA _cURUZA _d2022. _gDOC |
||
| 504 | _aIncluye referencias bibliográficas: páginas 13-18.31-35,58-61,70-73. | ||
| 650 | 2 |
_9186243 _aTrufas _xCultivo |
|
| 650 | 2 |
_9133579 _aPecán _xCultivo |
|
| 700 | 1 |
_97439 _aArreola Avila, Jesús Guadalupe _eDirector de tesis. |
|
| 856 |
_uhttp://10.13.5.2/tesis/td/2022_ZA_Sanchez_Ledesma_JudithAbigail.pdf _zDESCARGAR PDF |
||
| 942 |
_2Clasificación Universidad Autónoma Chapingo _cTD |
||
| 999 |
_c218455 _d218455 |
||